书目信息 |
| 题名: |
财政与信贷
|
|
| 作者: | 邓子基 编 | |
| 分册: | ||
| 出版信息: | 北京 中国财政经济出版社 1981 |
|
| 页数: | 241页 | |
| 开本: | 21cm | |
| 丛书名: | ||
| 单 册: | ||
| 中图分类: | F811.5 | |
| 科图分类: | ||
| 主题词: | 财政学 , 信用理论 | |
| 电子资源: | ||
| ISBN: | ||
| 000 | 00602nam0 2200241 45 | |
| 001 | 0181007315 | |
| 005 | 20060722110331.29 | |
| 010 | @dCNY0.75 | |
| 091 | @aCN@b4166.270 | |
| 100 | @a19950626d1981 em y0chiy0121 ea | |
| 101 | 0 | @achi |
| 102 | @aCN@b110000 | |
| 105 | @ay z 000yy | |
| 200 | 10 | @a财政与信贷@Acai zheng yu xin dai@f邓子基编 |
| 210 | @a北京@c中国财政经济出版社@d1981 | |
| 215 | @a241页@d21cm | |
| 606 | @a财政学 | |
| 606 | @a信用理论 | |
| 690 | @aF811.5@v3 | |
| 701 | 0 | @a邓子基@Adeng zi ji@4编 |
| 801 | 2 | @aCN@bNLC@c20060722 |
| 801 | 0 | @aCN@bTSSF |
| 905 | @a10447@dF811.5@e32 | |
| 财政与信贷/邓子基编.-北京:中国财政经济出版社,1981 |
| 241页;21cm |
| ISBN :CNY0.75 |
| ● |
| 相关链接 |
|
|
|
|
正题名:财政与信贷
索取号:F811.5/32
 
预约/预借
| 序号 | 登录号 | 条形码 | 馆藏地/架位号 | 状态 | 备注 |
| 1 | 0425613 | 204256134 | 密集书库/ [索取号:F811.5/32] | 在馆 |